The Outside Dog Reading 3 Alone I Can Read (Record no. 593666)
[ view plain ]
| 000 -LEADER | |
|---|---|
| fixed length control field | 00346nam a22001337a 4500 |
| 020 ## - INTERNATIONAL STANDARD BOOK NUMBER | |
| International Standard Book Number | 9780064441872 |
| 040 ## - CATALOGING SOURCE | |
| Transcribing agency | NUST |
| 082 ## - DEWEY DECIMAL CLASSIFICATION NUMBER | |
| Classification number | 823-CH POM |
| 100 ## - MAIN ENTRY--PERSONAL NAME | |
| Personal name | Pomerantz, Charlotte |
| 9 (RLIN) | 110212 |
| 245 ## - TITLE STATEMENT | |
| Title | The Outside Dog Reading 3 Alone I Can Read |
| 260 ## - PUBLICATION, DISTRIBUTION, ETC. | |
| Place of publication, distribution, etc. | New York: |
| Name of publisher, distributor, etc. | HarperCollins, |
| Date of publication, distribution, etc. | 1993. |
| 650 ## - SUBJECT ADDED ENTRY--TOPICAL TERM | |
| Topical term or geographic name entry element | English Fiction |
| 942 ## - ADDED ENTRY ELEMENTS (KOHA) | |
| Source of classification or shelving scheme | |
| Koha item type | Book |
| Withdrawn status | Lost status | Source of classification or shelving scheme | Damaged status | Not for loan | Permanent Location | Current Location | Shelving location | Date acquired | Total Checkouts | Full call number | Barcode | Date last seen | Price effective from | Koha item type |
|---|---|---|---|---|---|---|---|---|---|---|---|---|---|---|
| College of Electrical & Mechanical Engineering (CEME) | College of Electrical & Mechanical Engineering (CEME) | General Stacks | 03/14/2023 | 823-CH POM | CEME-50285 | 03/14/2023 | 03/14/2023 | Book |
